00434nam a2200097Ia 45000010005000000080041000050820025000461000085000712450163001562600017003191076241024s9999 xx 000 0 und d aRD/374/R426p/Anexo18 aRepública Dominicana.Secretaria de Estado de Educación Bellas Artes y Cultos 0aPrograma integrado de Desarrollo de la Educación Primaria a Nivel Local Curso Taller sobre Cooperativas Escolares para el nivel Básico, Provincia San Juan bSEEBACc1997